The biology of lakes and ponds / (Record no. 66027)
[ view plain ]
| 000 -LEADER | |
|---|---|
| fixed length control field | 01002nam a2200313 a 4500 |
| 001 - CONTROL NUMBER | |
| control field | 66027 |
| 003 - CONTROL NUMBER IDENTIFIER | |
| rucl marc code | BD-RjUL |
| 005 - DATE AND TIME OF LATEST TRANSACTION | |
| control field | 20211209081507.0 |
| 008 - FIXED-LENGTH DATA ELEMENTS--GENERAL INFORMATION | |
| fixed length control field | 170313s2010 enka b 001 0 eng |
| 020 ## - INTERNATIONAL STANDARD BOOK NUMBER | |
| International Standard Book Number | 0198516126 (alk. paper) |
| International Standard Book Number | 0198516134 (alk. paper) |
| 035 ## - SYSTEM CONTROL NUMBER | |
| System control number | (BD-RjUL)66157 |
| 040 ## - CATALOGING SOURCE | |
| Original cataloging agency | DLC |
| Transcribing agency | DLC |
| Modifying agency | BD-RjUL |
| Language of cataloging | eng |
| 041 ## - LANGUAGE CODE | |
| Language code of text/sound track or separate title | eng |
| 082 00 - DEWEY DECIMAL CLASSIFICATION NUMBER | |
| Classification number | 577.63 |
| Edition number | 23 |
| Author mark and year | BRB 2010 |
| 100 1# - MAIN ENTRY--PERSONAL NAME | |
| Personal name | Brönmark, Christer. |
| 9 (RLIN) | 195303 |
| 245 14 - TITLE STATEMENT | |
| Title | The biology of lakes and ponds / |
| Statement of responsibility, etc. | Christer Brönmark, and Lars-Anders Hansson. |
| 250 ## - EDITION STATEMENT | |
| Edition statement | 2nd ed. |
| 260 ## - PUBLICATION, DISTRIBUTION, ETC. (IMPRINT) | |
| Place of publication, distribution, etc. | Oxford : |
| Name of publisher, distributor, etc. | Oxford University Press, |
| Date of publication, distribution, etc. | 2005. [ reprinted 2010]. |
| 300 ## - PHYSICAL DESCRIPTION | |
| Pagination | xiv, 285 p. : |
| Illustrations | ill. ; |
| Size | 24 cm. |
| 504 ## - BIBLIOGRAPHY, ETC. NOTE | |
| Bibliography, etc | Includes bibliographical references and index. |
| 650 #0 - SUBJECT ADDED ENTRY--TOPICAL TERM | |
| Topical term or geographic name as entry element | Pond ecology. |
| 9 (RLIN) | 195305 |
| Topical term or geographic name as entry element | Lake ecology. |
| 9 (RLIN) | 195306 |
| 700 1# - ADDED ENTRY--PERSONAL NAME | |
| Personal name | Hansson, Lars-Anders. |
| 830 ## - SERIES ADDED ENTRY--UNIFORM TITLE | |
| Uniform title | Biology of Habitats. |
| 942 ## - ADDED ENTRY ELEMENTS (KOHA) | |
| Source of classification or shelving scheme | Dewey Decimal Classification |
| Koha item type | Books |
| Lost status | Source of classification or shelving scheme | Damaged status | Not for loan | Collection code | Permanent Location | Current Location | Shelving location | Date acquired | Source of acquisition | Cost, normal purchase price | Total Checkouts | Full call number | Date last seen | Copy number | Koha item type |
|---|---|---|---|---|---|---|---|---|---|---|---|---|---|---|---|
| Dewey Decimal Classification | Not For Loan | Non-fiction | Central Library, University of Rajshahi | Central Library, University of Rajshahi | Reading Room | 02/07/2013 | Dhaka, Paragon Enterprises Ltd. | 4000.00 | 577.63 BRB 2010 | 13/03/2017 | C-1 | Books |